000
002370000a22000850004500
245
1
0
_a
Wheaton-83 : La iglesia en respuesta a las necesidades humanas
300
_a
Vol 5, Núm 10 (1983), Páginas 101-114
773
0
_t
Pastoralia
942
_c
ANA
999
_c
53281
_d
53281